La democracia en América Latina

Salvato in:
Dettagli Bibliografici
Autore principale: Smith, Peter H (Autore)
Natura: Libro
Lingua:spagnolo
Pubblicazione: Madrid Marcial Pons 2009
Serie:Instituto de Estudios Latinoamericanos
Soggetti:
Tags: Aggiungi Tag
Nessun Tag, puoi essere il primo ad aggiungerne!!

MARC

LEADER 00000nam a2200000 a 4500
001 UCH5641
003 CL-VaPUC
008 091015e20090000SP |||||||||||||||||spa|d
020 |a 9788497686297 
082 0 4 |a 321.8  |b SMI  |2 21 
100 0 |a Smith, Peter H  |e author  |9 541938 
245 1 3 |a La democracia en América Latina 
300 |a 315 p 
942 |c BK 
945 |d 20091015 00:00:00  |a rbrito 
260 |a Madrid  |b Marcial Pons  |c 2009 
650 0 |a Democracia  |9 255256 
650 7 |a FILOSOFIA POLITICA  |2 CL-VaPUC  |9 541939 
650 0 |a Elecciones  |9 254997 
650 0 |a Militares   |9 336881 
650 0 |a Partidos políticos  |9 254999 
651 0 |a América Latina   |9 255027 
583 |a last modification  |c 20160913 04:35:37  |k Rodrigo Vera 
490 0 |a Instituto de Estudios Latinoamericanos 
999 |c 336746  |d 336744 
952 |0 0  |1 0  |4 0  |6 321_800000000000000_SMI_2009  |7 0  |8 A  |9 428667  |a BIBHIS  |b BIBHIS  |d 2019-11-22  |i 4606442  |o 321.8 SMI 2009  |p 4606442  |r 2025-01-20  |w 2019-11-22  |y BK  |k HIS